Catálogo público

Introducción a la micología / (Record no. 206780)

MARC details
000 -CABECERA
campo de control de longitud fija 00727nam a2200265Ia 4500
001 - NÚMERO DE CONTROL
campo de control Para_7780
003 - IDENTIFICADOR DEL NÚMERO DE CONTROL
campo de control CHAP
008 - DATOS DE LONGITUD FIJA--INFORMACIÓN GENERAL
campo de control de longitud fija 220125s1962 xx 000 0 und d
010 ## - NÚMERO DE CONTROL DE LA BIBLIOTECA DEL CONGRESO
Número de control de LC 206780
040 ## - FUENTE DE LA CATALOGACIÓN
Centro/agencia transcriptor CHAP
082 ## - NÚMERO DE LA CLASIFICACIÓN DECIMAL DEWEY
Número de clasificación PA 589.2 A54Y
100 ## - ENTRADA PRINCIPAL--NOMBRE DE PERSONA
Nombre de persona Alexopoulos, Constantine John
9 (RLIN) 3843
245 ## - MENCIÓN DE TÍTULO
Título Introducción a la micología /
Mención de responsabilidad, etc. por Constantine John Alexopoulus
260 ## - PUBLICACIÓN, DISTRIBUCIÓN, ETC.
Lugar de publicación, distribución, etc. Buenos Aires :
Nombre del editor, distribuidor, etc. Editorial Universitaria de Buenos Aires
300 ## - DESCRIPCIÓN FÍSICA
Extensión 615 p.
650 ## - PUNTO DE ACCESO ADICIONAL DE MATERIA--TÉRMINO DE MATERIA
Término de materia o nombre geográfico como elemento de entrada Hongos
9 (RLIN) 56084
650 ## - PUNTO DE ACCESO ADICIONAL DE MATERIA--TÉRMINO DE MATERIA
Término de materia o nombre geográfico como elemento de entrada Micología
9 (RLIN) 75476
901 ## - ELEMENTOS DE DATOS A LOCAL LDA (RLIN)
a PA 589.2 A54Y
902 ## - ELEMENTOS DE DATOS B LOCAL, LDB (RLIN)
a A
905 ## - ELEMENTOS DE DATOS E LOCAL, LDE (RLIN)
a 0000001962 a 0000000000 00
910 ## - DATOS DE OPCIÓN DEL USUARIO (OCLC)
Datos de opción del usuario 1962
942 ## - ELEMENTOS DE PUNTO DE ACCESO ADICIONAL (KOHA)
Tipo de ítem Koha Parasitologia_
942 ## - ELEMENTOS DE PUNTO DE ACCESO ADICIONAL (KOHA)
Tipo de ítem Koha Parasitologia_
-- 1
Holdings
Estado de retiro Estado de pérdida Fuente del sistema de clasificación o colocación Estado dañado Restricciones de uso No para préstamo Código de colección Localización permanente Ubicación/localización actual Fecha de adquisición Información codificada de la localización en otra ubicación Número de inventario Total de préstamos Signatura topográfica completa Código de barras Fecha visto por última vez Número de copia Precio válido a partir de Tipo de ítem Koha Nota pública Fecha del último préstamo Renovaciones totales
    Dewey Decimal Classification   Préstamo 3 días   General Parasitologia Agricola Parasitologia Agricola 27/10/2005 PARA (PA_4479) (No. UACh C/E)   PA 589.2 A54Y 4102000598 25/01/2022 Ej.10 25/01/2022 Libro 3    
    Dewey Decimal Classification   Préstamo interno   General Parasitologia Agricola Parasitologia Agricola 27/10/2005 PARA (PA_4470) (No. UACh ) 1 PA 589.2 A54Y 4102000589 12/04/2023 Ej.1 25/01/2022 Libro 3 10/04/2023  
    Dewey Decimal Classification   Préstamo 3 días   General Parasitologia Agricola Parasitologia Agricola 27/10/2005 PARA (PA_4471) (No. UACh 118244) 7 PA 589.2 A54Y 4102000590 05/03/2026 Ej.2 25/01/2022 Libro 3 26/02/2026 7
    Dewey Decimal Classification   Préstamo 3 días   General Parasitologia Agricola Parasitologia Agricola 27/10/2005 PARA (PA_4472) (No. UACh 118245) 9 PA 589.2 A54Y 4102000591 09/03/2026 Ej.3 25/01/2022 Libro 3 06/03/2026 8
    Dewey Decimal Classification   Préstamo 3 días   General Parasitologia Agricola Parasitologia Agricola 27/10/2005 PARA (PA_4473) (No. UACh 118246) 5 PA 589.2 A54Y 4102000592 10/02/2025 Ej.4 25/01/2022 Libro 3 31/01/2025 5
    Dewey Decimal Classification   Préstamo 3 días   General Parasitologia Agricola Parasitologia Agricola 27/10/2005 PARA (PA_4474) (No. UACh 118247) 8 PA 589.2 A54Y 4102000593 28/02/2025 Ej.5 25/01/2022 Libro 3 24/02/2025 8
    Dewey Decimal Classification   Préstamo 3 días   General Parasitologia Agricola Parasitologia Agricola 27/10/2005 PARA (PA_4475) (No. UACh 118248) 5 PA 589.2 A54Y 4102000594 07/04/2025 Ej.6 25/01/2022 Libro 3 20/02/2025 5
    Dewey Decimal Classification   Préstamo 3 días   General Parasitologia Agricola Parasitologia Agricola 27/10/2005 PARA (PA_4476) (No. UACh 118249) 7 PA 589.2 A54Y 4102000595 11/03/2026 Ej.7 25/01/2022 Libro 3 11/03/2026 4
    Dewey Decimal Classification   Préstamo 3 días   General Parasitologia Agricola Parasitologia Agricola 27/10/2005 PARA (PA_4477) (No. UACh 118250) 5 PA 589.2 A54Y 4102000596 03/03/2025 Ej.8 25/01/2022 Libro 3 28/02/2025 5
    Dewey Decimal Classification   Préstamo 3 días   General Parasitologia Agricola Parasitologia Agricola 27/10/2005 PARA (PA_4478) (No. UACh 118251) 4 PA 589.2 A54Y 4102000597 02/05/2025 Ej.9 25/01/2022 Libro 3 29/04/2025 3